000 00676nam a22002297a 4500
003 UA-OsUOA
001 81880
007 ta
008 20120209b un ||||| |||| 00| 0 ukr d
100 _aЗатонский Д.
090 _a82.09(100)
_bЗ-37
942 _cBK
040 _aUA-OsUOA
_brus
_cUA-OsUOA
_dUA-OsUOA
245 _aВ наше время
_bкнига о зарубежных литературах ХХ века
300 _a430 с.
955 _a2
041 _arus
080 _a82.09(100)
260 _aМ.
_bСоветский писатель
_c1979
650 7 _a82 Література. Літературознавство
_2UDC
999 _c368167
_d368167